00820nam a2200217Ia 4500003000900000008004100009020001900050040001600069080002500085245014700110260003600257300001500293650002500308650002800333650002600361700003000387700002800417942000700445999001700452952013300469IN-BaIIA211028s9999 xx 000 0 eng d a0-12-0038-40-4 cIIA Library a047.1:539.18bADV-40 0aAdvances in atomic, molecular and optical physicsbvol. 40cedited by B. Bederson and H. Walther  aSan DiegobAcademic Pressc1999 avii, 321p. aAtomic physics91547 aMolecular physics91914 aOptical physics97479 aBederson, B., ed. 913494 aWalther, H., ed.918791 cBK c12799d12799 00104070aBANbBANcGENd1998-12-10g6104.00l0o047.1:539.18/ ADV-40p13716r2021-11-05v6104.00w1998-12-10yBKGRs. 6104.00